Techniky riešenia hlavolamu Míny

Na minha lista:
Detalhes bibliográficos
Autor principal: Starovič, Tomáš (Author)
Outros Autores: Pancza, Dávid (Thesis advisor)
Formato: Manuscrito Livro
Idioma:eslovaco
Publicado em: Bratislava : STU v Bratislave FEI, 2024
Assuntos:
Acesso em linha:https://opac.crzp.sk/?fn=detailBiblioFormChildME0F7&sid=DDCD2C6FBCAD481F2044C4B200E4&seo=CRZP-detail-kniha
Tags: Adicionar Tag
Sem tags, seja o primeiro a adicionar uma tag!

MARC

LEADER 00000ntm a22000003a 4500
001 stuzp93794
003 SK-STU
005 20250410104923.1
007 ta
008 150427s2015----xo-----f-mn---000-0-slo-d
040 |a STU  |b slo 
041 0 |a slo 
044 |a xo 
100 1 |a Starovič, Tomáš  |u 035000  |4 aut  |U FEI Fakulta elektrotechniky a informatiky  |T FEI Ústav informatiky a matematiky  |X 103136  |U E050  |Y 816  |7 103136 
242 0 1 |a Strategies for solving the Minesweeper game  |y eng 
245 1 0 |a Techniky riešenia hlavolamu Míny 
260 |a Bratislava :  |b STU v Bratislave FEI,  |c 2024 
300 |a 47 s. 
650 4 |a Minesweeper  |2 slo 
650 4 |a Míny  |2 slo 
650 4 |a Java  |2 slo 
650 4 |a algoritmy  |2 slo 
650 4 |a techniky riešenia  |2 slo 
650 4 |a Minesweeper  |2 eng 
650 4 |a Java  |2 eng 
650 4 |a algorithms  |2 eng 
650 4 |a solving techniques  |2 eng 
700 1 |a Pancza, Dávid  |u 035000  |k Z1  |4 ths  |U FEI Fakulta elektrotechniky a informatiky  |T FEI Ústav informatiky a matematiky  |X 1967  |U E050  |Y 816  |7 A000001967 
856 4 |u https://opac.crzp.sk/?fn=detailBiblioFormChildME0F7&sid=DDCD2C6FBCAD481F2044C4B200E4&seo=CRZP-detail-kniha